Problemas de formación de capital en los países insuficientemente desarrollados / (Record no. 113234)

MARC details
000 -LEADER
campo de control de longitud fija 00575nam a2200169 4500
001 - NÚMERO DE CONTROL
campo de control 113234
003 - IDENTIFICADOR DE NÚMERO DE CONTROL
campo de control ES-MaACL
007 - CAMPO FIJO DE DESCRIPCIÓN FÍSICA--INFORMACIÓN GENERAL
campo de control de longitud fija t|
008 - DATOS DE LONGITUD FIJA--INFORMACIÓN GENERAL
campo de control de longitud fija 061121s1963 mx r ||||1| spa d
100 1# - ENTRADA PRINCIPAL--NOMBRE DE PERSONA
Nombre de persona Nurkse, Ragnar.
9 (RLIN) 86240
245 10 - MENCIÓN DEL TÍTULO
Título Problemas de formación de capital en los países insuficientemente desarrollados /
Mención de responsabilidad, etc. por Ragnar Nurkse ; [traducción de Martha Chávez].
250 ## - MENCION DE EDICION
Mención de edición [3ª ed.].
260 ## - PUBLICACIÓN, DISTRIBUCIÓN, ETC.
Lugar de publicación, distribución, etc. México [etc.] :
Nombre del editor, distribuidor, etc. Fondo de Cultura Económica,
Fecha de publicación, distribución, etc. 1963.
300 ## - DESCRIPCIÓN FÍSICA
Extensión 172 p. ;
Dimensiones 22 cm.
700 1# - ENTRADA AGREGADA--NOMBRE PERSONAL
Nombre de persona Chávez, Martha.
9 (RLIN) 38283
852 ## - LOCALIZACIÓN
Ubicación ES-MaACL
Número de control de estantería E-8304
Sublocalización o colección R.92856
Holdings
Estatus retirado Estado de pérdida Estado de daño No para préstamo Biblioteca de origen Biblioteca actual Ubicación en estantería Fecha de adquisición Fuente de adquisición Total de préstamos Signatura topográfica completa Código de barras Visto por última vez Precio de reemplazo Tipo de ítem Koha
        Biblioteca del Ateneo de Madrid Biblioteca del Ateneo de Madrid Depósito 2 17/01/2008     E-8304 1118106 23/02/2023 23/02/2023 Libro impreso